Europejskie państwa po wskazówkach #2 - Statystyki

Ogólne statystyki
  • Ten quiz został rozwiązany 49 razy
  • Średni wynik to 13 z 15
Statystyki odpowiedzi
Hint Odpowiedź % Poprawnych
pizza, Fontanna di Trevi, gondole Włochy
100%
Alpy, Hitler, jarmark bożonarodzeniowy Austria
98%
Malmö, lider ekologii, Ikea Szwecja
98%
czekolada, piwo, stolica UE Belgia
96%
fiesta, flamenco, korrida Hiszpania
96%
Bałtyk, bursztyn, Inwokacja Litwa
96%
Bazylika św. Piotra, centrum chrześcijaństwa, najmniejszy kraj Watykan
96%
Fiordy, dobrobyt i bezpieczeństwo, Svalbard Norwegia
93%
wampiry, Dacia, Drakula Rumunia
93%
Akropol, Ellada, kolebka demokracji Grecja
91%
Adriatyk, Jeziora Plitwickie, Hvar Chorwacja
87%
Jezioro Ochrydzkie, Aleksander Wielki, bałkany Macedonia
80%
Dymitr Kantemir, Dniestr, najbiedniejszy kraj Europy Mołdawia
78%
qifqi, Ksamil, Adriatyk i Jońskie Albania
76%
brak więzień, monarchia, kiedyś raj podatkowy Liechtenstein
67%
Nie znaleziono quizów pasujących do podanych kryteriów
Rozkład punktacji
Procent ludzi z każdym wynikiem
Percentyl według liczby udzielonych odpowiedzi
Twoja historia wyników
Nie rozwiązałeś tego quizu